[Event "Quebec-ch"]
[Site "Montreal CAN"]
[Date "2007.06.24"]
[Round "3"]
[White "Audet-Bouchard, Nicolas"]
[Black "Barbeau, Sylvain"]
[Result "0-1"]
[WhiteElo "2286"]
[BlackElo "2426"]
[PlyCount "88"]
[EventDate "2007.06.22"]
[EventType "tourn"]
[EventRounds "9"]
[EventCountry "CAN"]

1. e4 e5 2. Nf3 Nc6 3. Bb5 a6 4. Ba4 d6 5. O-O Bg4 6. h3 h5 7. c3 Qf6 8. d3
Nge7 9. Nbd2 Bd7 10. Bxc6 Nxc6 11. Nc4 Be7 12. Ne3 Qg6 13. Kh1 O-O-O 14. b4 f5
15. exf5 Bxf5 16. Nxf5 Qxf5 17. a4 g5 18. b5 Nb8 19. bxa6 Nxa6 20. Qe2 g4 21.
Ng1 Rhg8 22. Be3 e4 23. dxe4 Qxe4 24. f3 gxf3 25. Qxf3 Qxf3 26. Rxf3 Rg6 27.
Raf1 Rdg8 28. R1f2 Re6 29. Ne2 Re4 30. Ng3 Rxa4 31. Nxh5 Rc4 32. Bd4 b5 33. Rf7
Bg5 34. Nf6 Bxf6 35. Bxf6 Nc5 36. Rb2 Rf4 37. Rxb5 Nd7 38. Rxd7 Kxd7 39. Bd4 c5
40. Bg1 Rc4 41. g4 Rxc3 42. Kg2 Rh8 43. Bh2 Rhxh3 44. Rb6 Rhd3 0-1

[Event "Quebec-ch"]
[Site "Montreal CAN"]
[Date "2007.06.25"]
[Round "4"]
[White "Barbeau, Sylvain"]
[Black "Ye, Ling Feng"]
[Result "1/2-1/2"]
[WhiteElo "2426"]
[BlackElo "2155"]
[PlyCount "96"]
[EventDate "2007.06.22"]
[EventType "tourn"]
[EventRounds "9"]
[EventCountry "CAN"]

1. e4 c5 2. Nf3 e6 3. c3 Nf6 4. e5 Nd5 5. d4 cxd4 6. cxd4 d6 7. Nc3 Nxc3 8.
bxc3 dxe5 9. Nxe5 Nc6 10. Nxc6 bxc6 11. Bd3 Be7 12. Qg4 Bf6 13. Ba3 Qa5 14. Bb4
Qg5 15. Qf3 Bd7 16. O-O Be7 17. Bxe7 Qxe7 18. Qe4 g6 19. Qe5 O-O 20. Rfb1 Rfd8
21. Rb7 Qa3 22. Rb3 Qe7 23. Be4 Rac8 24. Rab1 c5 25. Bb7 Ba4 26. Bxc8 Bxb3 27.
Rxb3 Rxc8 28. Rb8 Rxb8 29. Qxb8+ Kg7 30. Qe5+ f6 31. Qe4 cxd4 32. Qxd4 Qb7 33.
h3 Qb1+ 34. Kh2 Qxa2 35. c4 Qa4 36. g3 Kf7 37. Qh4 Kg7 38. Qe4 Qd7 39. c5 Qc7
40. c6 Kf7 41. Qc4 a5 42. h4 Ke7 43. Qc5+ Kf7 44. h5 gxh5 45. Qxh5+ Ke7 46.
Qc5+ Kf7 47. Qh5+ Ke7 48. Qc5+ Kf7 1/2-1/2

[Event "Quebec-ch"]
[Site "Montreal CAN"]
[Date "2007.06.27"]
[Round "6"]
[White "Voloaca, Mihnea"]
[Black "Barbeau, Sylvain"]
[Result "1/2-1/2"]
[WhiteElo "2272"]
[BlackElo "2426"]
[PlyCount "133"]
[EventDate "2007.06.22"]
[EventType "tourn"]
[EventRounds "9"]
[EventCountry "CAN"]

1. d4 Nf6 2. c4 g6 3. Nc3 d5 4. cxd5 Nxd5 5. Bd2 Nb6 6. Bg5 Bg7 7. e3 O-O 8.
Nf3 h6 9. Bh4 Nc6 10. Bb5 Nb4 11. O-O c6 12. Be2 N4d5 13. Bg3 c5 14. Nb5 a6 15.
dxc5 axb5 16. cxb6 Bxb2 17. Rb1 Bg7 18. Bxb5 Nc3 19. Qxd8 Rxd8 20. Rb4 Nxb5 21.
Rxb5 Rxa2 22. Rc5 Rb2 23. Bc7 Re8 24. h3 f6 25. Ra1 e5 26. Ra7 Bf8 27. Rc1 Kf7
28. Ne1 Rb3 29. Nf3 Rb2 30. Ne1 Rb3 31. e4 Ba3 32. Rc2 Rb1 33. Rxa3 Rxe1+ 34.
Kh2 Rxe4 35. Ra7 Rb4 36. Rd2 Rb3 37. Rd6 e4 38. Bd8 Rd3 39. Bc7 Rxd6 40. Bxd6
Ke6 41. Bc7 Kd5 42. Ra8 f5 43. g4 fxg4 44. hxg4 Rf8 45. Kg1 Kc6 46. Rb8 h5 47.
gxh5 gxh5 48. Ra8 Rg8+ 49. Kh1 h4 50. Rb8 h3 51. Ra8 Kb5 52. Rb8 Kc5 53. Ra8
Kc6 54. Rb8 Rf8 55. Ra8 Kb5 56. Rb8 Kc4 57. Ra8 Rg8 58. Bf4 Kd3 59. Be3 Ke2 60.
Bc5 Rd8 61. Kh2 Kf3 62. Be3 Rg8 63. Kh1 Rd8 64. Kh2 Rf8 65. Bc5 Re8 66. Be3 Rg8
67. Kh1 1/2-1/2

[Event "Quebec-ch"]
[Site "Montreal CAN"]
[Date "2007.06.28"]
[Round "7"]
[White "Barbeau, Sylvain"]
[Black "Voskanyan, Vahagn"]
[Result "1/2-1/2"]
[WhiteElo "2426"]
[BlackElo "2327"]
[PlyCount "94"]
[EventDate "2007.06.22"]
[EventType "tourn"]
[EventRounds "9"]
[EventCountry "CAN"]

1. e4 c5 2. Nf3 e6 3. c3 d5 4. exd5 Qxd5 5. d4 Nc6 6. Bd3 Nf6 7. O-O cxd4 8.
cxd4 Be7 9. Nc3 Qd8 10. a3 O-O 11. Re1 b6 12. Bc2 Bb7 13. Qd3 g6 14. Bh6 Re8
15. Rad1 Rc8 16. Bb3 Na5 17. Ba2 Bd5 18. Nxd5 Nxd5 19. Ne5 Bf8 20. Bd2 Nc6 21.
Qf3 Nxe5 22. dxe5 Ne7 23. Bb4 Qc7 24. g4 a5 25. Bd6 Qc2 26. Qe2 Bh6 27. Rd3 Bg5
28. Bb3 Qxe2 29. Rxe2 b5 30. a4 b4 31. Rd4 Rc1+ 32. Kg2 Nc6 33. Rde4 Rc8 34. f4
Be7 35. Rd2 Kf8 36. f5 exf5 37. gxf5 gxf5 38. Rf4 Bxd6 39. exd6 Rc5 40. Bc2 Kg7
41. Bxf5 Rd8 42. Bc2 Ne5 43. Bb3 Kg6 44. Kg3 Kg7 45. Rfd4 Kf6 46. Rf4+ Kg7 47.
Rfd4 Kf6 1/2-1/2

[Event "Quebec-ch"]
[Site "Montreal CAN"]
[Date "2007.06.29"]
[Round "8"]
[White "Fareh, Youness"]
[Black "Barbeau, Sylvain"]
[Result "0-1"]
[WhiteElo "2170"]
[BlackElo "2426"]
[PlyCount "64"]
[EventDate "2007.06.22"]
[EventType "tourn"]
[EventRounds "9"]
[EventCountry "CAN"]

1. c4 Nf6 2. g3 g6 3. b3 Bg7 4. Bb2 d5 5. Bg2 d4 6. Nf3 c5 7. b4 O-O 8. O-O Re8
9. bxc5 e5 10. e3 Nc6 11. d3 dxe3 12. fxe3 e4 13. Nd4 Ne5 14. dxe4 Nxc4 15. Bc1
Ng4 16. Qb3 Ngxe3 17. Bxe3 Nxe3 18. Rxf7 Kh8 19. Nb5 Be6 20. Qxe3 Bxf7 21. Nd6
Bg8 22. Nc3 Qf6 23. Rc1 Qd4 24. Qxd4 Bxd4+ 25. Kh1 Re7 26. Nd5 Bxd5 27. exd5
Bxc5 28. Nxb7 Ba3 29. Rd1 Rae8 30. Bf3 Rxb7 31. d6 Rd7 32. Bc6 Rxd6 0-1

[Event "Quebec-ch playoff"]
[Site "Montreal CAN"]
[Date "2006.09.30"]
[Round "1"]
[White "Bolduc, Steve"]
[Black "Barbeau, Sylvain"]
[Result "0-1"]
[WhiteElo "2094"]
[BlackElo "2335"]
[PlyCount "76"]
[EventDate "2006.09.30"]
[EventType "match"]
[EventRounds "5"]
[EventCountry "CAN"]

1. d4 f5 2. g3 Nf6 3. Bg2 g6 4. Nh3 Bg7 5. Nf4 Nc6 6. h4 d6 7. d5 Ne5 8. c4 c5
9. Qc2 a6 10. a4 Rb8 11. Nd2 O-O 12. h5 Qe8 13. hxg6 hxg6 14. Nf3 Nxf3+ 15.
Bxf3 Qf7 16. Bd2 b5 17. axb5 axb5 18. cxb5 Rxb5 19. Bc3 g5 20. Nh5 Nxh5 21.
Rxh5 Bxc3+ 22. Qxc3 Qg7 23. Ra7 Rb7 24. Rxb7 Bxb7 25. Qe3 f4 26. Qe6+ Rf7 27.
gxf4 Qxb2 28. Rxg5+ Kf8 29. Qh6+ Ke8 30. Kf1 Kd8 31. Kg2 Qf6 32. Qh4 Qxf4 33.
Rg4 Qf6 34. Rg8+ Kc7 35. Qg4 Qh6 36. e3 Qf6 37. Kg3 Qxf3+ 38. Qxf3 Rxf3+ 0-1

[Event "Quebec-ch playoff"]
[Site "Montreal CAN"]
[Date "2006.09.30"]
[Round "2"]
[White "Barbeau, Sylvain"]
[Black "Bolduc, Steve"]
[Result "0-1"]
[WhiteElo "2335"]
[BlackElo "2094"]
[PlyCount "100"]
[EventDate "2006.09.30"]
[EventType "match"]
[EventRounds "5"]
[EventCountry "CAN"]

1. e4 c5 2. Nc3 Nc6 3. Nf3 e5 4. Bc4 d6 5. d3 Be7 6. Nd2 Nf6 7. Nf1 a6 8. a4
Be6 9. Ne3 Nb4 10. O-O O-O 11. Bd2 Rc8 12. Rc1 Re8 13. Kh1 d5 14. exd5 Nbxd5
15. Nexd5 Nxd5 16. Nxd5 Bxd5 17. Bc3 Bg5 18. Ra1 Bc6 19. Qg4 Qf6 20. a5 Rc7 21.
Rae1 Rce7 22. Kg1 Bf4 23. g3 Bd7 24. Qh5 Bh6 25. f4 b5 26. axb6 Qxb6 27. fxe5
Be6 28. Bxe6 Qxe6 29. Re4 Qb6 30. Kg2 Qb7 31. Kg1 Re6 32. Qf3 Qa7 33. Rc4 g6
34. Kg2 Bg7 35. Qd5 Bxe5 36. Rxc5 Rd6 37. Qc4 Bxc3 38. bxc3 Qb7+ 39. Kh3 Re2
40. Rg1 Qd7+ 41. g4 Qe7 42. Qf4 Rxc2 43. d4 Re2 44. Rf1 Rde6 45. Rf3 R6e3 46.
Kg3 Rxf3+ 47. Kxf3 Re1 48. Re5 Qb7+ 49. Qe4 Rxe4 50. Rxe4 f5 0-1

[Event "Quebec-ch playoff"]
[Site "Montreal CAN"]
[Date "2006.09.30"]
[Round "3"]
[White "Barbeau, Sylvain"]
[Black "Bolduc, Steve"]
[Result "1-0"]
[WhiteElo "2335"]
[BlackElo "2094"]
[PlyCount "129"]
[EventDate "2006.09.30"]
[EventType "match"]
[EventRounds "5"]
[EventCountry "CAN"]

1. e4 c5 2. Nc3 Nc6 3. Nf3 d6 4. d4 cxd4 5. Nxd4 e5 6. Nf3 Be7 7. Bc4 Be6 8.
Bb3 h6 9. O-O Nf6 10. h3 O-O 11. Be3 Rc8 12. Qd2 a6 13. Rad1 Na5 14. Nd5 Nxb3
15. Nxf6+ Bxf6 16. axb3 b5 17. b4 Rc6 18. c3 Bb3 19. Ra1 Qc8 20. Nh2 Rd8 21.
Rfe1 d5 22. exd5 Bxd5 23. Qe2 Bc4 24. Qf3 Re6 25. Ng4 Be7 26. Qg3 Rd3 27. Red1
Rxd1+ 28. Rxd1 Be2 29. Rd2 Bxg4 30. Qxg4 Qc6 31. f3 e4 32. f4 Rg6 33. Qd7 Qf6
34. f5 Rg3 35. Bf4 Rd3 36. Rxd3 exd3 37. Qxd3 h5 38. Qe4 Bd8 39. Be3 Bc7 40.
Bf4 Bb6+ 41. Kh2 Qd8 42. Qe2 h4 43. Qd2 Qf6 44. Qd5 g6 45. Be5 Qd8 46. Qxd8+
Bxd8 47. fxg6 fxg6 48. Kg1 Kf7 49. Kf2 Ke6 50. Bd4 Kd5 51. b3 Ke4 52. Ke2 Be7
53. Bf2 g5 54. Be1 Bd8 55. Bd2 Be7 56. Be3 Bd8 57. c4 Be7 58. c5 Kd5 59. Kf3
Bf6 60. Bd2 a5 61. bxa5 Kxc5 62. Kg4 Bd8 63. b4+ Kc4 64. Bxg5 Bc7 65. Be3 1-0

[Event "Quebec-ch playoff"]
[Site "Montreal CAN"]
[Date "2006.09.30"]
[Round "4"]
[White "Bolduc, Steve"]
[Black "Barbeau, Sylvain"]
[Result "1-0"]
[WhiteElo "2094"]
[BlackElo "2335"]
[PlyCount "77"]
[EventDate "2006.09.30"]
[EventType "match"]
[EventRounds "5"]
[EventCountry "CAN"]

1. d4 Nf6 2. c4 g6 3. Nc3 d5 4. Nf3 Bg7 5. cxd5 Nxd5 6. e4 Nxc3 7. bxc3 c5 8.
Rb1 O-O 9. Be2 cxd4 10. cxd4 Qa5+ 11. Bd2 Qxa2 12. O-O Bg4 13. Be3 Nc6 14. d5
Na5 15. Rb4 b6 16. e5 Rad8 17. Rxg4 Rxd5 18. Ra4 Rxd1 19. Rxa2 Rd5 20. Rd1
Rxd1+ 21. Bxd1 Rc8 22. Kf1 e6 23. Ke2 Rc7 24. Rc2 Nc4 25. Nd2 b5 26. Nxc4 bxc4
27. f4 a6 28. Kf3 Bf8 29. Be2 c3 30. Bxa6 Bb4 31. Ke4 Ba5 32. Bd4 Kg7 33. g4 h6
34. Bd3 Kf8 35. Ra2 Bb4 36. Bc2 Kg7 37. Ra4 Bf8 38. Kd3 Rd7 39. Kxc3 1-0

[Event "Quebec-ch playoff"]
[Site "Montreal CAN"]
[Date "2006.09.30"]
[Round "5"]
[White "Barbeau, Sylvain"]
[Black "Bolduc, Steve"]
[Result "1-0"]
[WhiteElo "2335"]
[BlackElo "2094"]
[PlyCount "51"]
[EventDate "2006.09.30"]
[EventType "match"]
[EventRounds "5"]
[EventCountry "CAN"]

1. e4 c5 2. Nc3 Nc6 3. f4 g6 4. Nf3 Bg7 5. Bc4 d6 6. O-O a6 7. f5 Nf6 8. Ng5
Ne5 9. Bd5 h6 10. Nf3 Nxd5 11. Nxd5 O-O 12. Nxe5 Bxe5 13. d3 Kh7 14. Qf3 gxf5
15. exf5 e6 16. fxe6 Bxe6 17. Ne3 Qd7 18. c3 Rg8 19. d4 cxd4 20. cxd4 Bg7 21.
d5 Raf8 22. dxe6 fxe6 23. Qh3 Bd4 24. Kh1 Qg7 25. Rxf8 Rxf8 26. Bd2 1-0

[Event "Quebec-ch"]
[Site "Montreal CAN"]
[Date "2006.09.09"]
[Round "2"]
[White "Barbeau, Sylvain"]
[Black "McDonough, Jonathan"]
[Result "1-0"]
[WhiteElo "2426"]
[BlackElo "2218"]
[PlyCount "109"]
[EventDate "2006.09.08"]
[EventType "tourn"]
[EventRounds "9"]
[EventCountry "CAN"]

1. Nf3 g6 2. e4 d6 3. d4 Bg7 4. Nc3 Bg4 5. Be3 a6 6. Bc4 e6 7. h3 Bxf3 8. Qxf3
Nc6 9. Rd1 Nge7 10. a3 O-O 11. Ba2 Qc8 12. O-O Kh8 13. Ne2 Ng8 14. c3 Qd7 15.
h4 e5 16. Ng3 Rae8 17. Bb1 Qe7 18. Qg4 Nf6 19. Qh3 Qd7 20. Qxd7 Nxd7 21. Rfe1
Nf6 22. f3 h5 23. b4 Nd7 24. d5 Ne7 25. Nf1 Kh7 26. c4 Bh6 27. Bf2 f5 28. c5
Nf6 29. Ne3 fxe4 30. fxe4 Neg8 31. Bd3 Rf7 32. Re2 Ref8 33. Rde1 Nd7 34. cxd6
cxd6 35. Nc4 Rf6 36. Rc2 R8f7 37. Ba7 Bf4 38. Bf2 Bh6 39. Na5 Nf8 40. Bb6 Nd7
41. Bd8 Bf4 42. Nxb7 Bg3 43. Rf1 Rxf1+ 44. Bxf1 Nh6 45. Nxd6 Rf8 46. Be7 Rf4
47. Bg5 Nf6 48. Bxf4 exf4 49. Rc7+ Kh8 50. Nf7+ Nxf7 51. Rxf7 Nxe4 52. Bd3 Kg8
53. Re7 Nf2 54. Bxg6 Bxh4 55. Re8+ 1-0

[Event "Quebec-ch"]
[Site "Montreal CAN"]
[Date "2006.09.10"]
[Round "3"]
[White "Chabot, Roland"]
[Black "Barbeau, Sylvain"]
[Result "0-1"]
[WhiteElo "2316"]
[BlackElo "2426"]
[PlyCount "62"]
[EventDate "2006.09.08"]
[EventType "tourn"]
[EventRounds "9"]
[EventCountry "CAN"]

1. d4 Nf6 2. c4 g6 3. Nc3 d5 4. cxd5 Nxd5 5. e4 Nxc3 6. bxc3 Bg7 7. Bc4 c5 8.
Ne2 O-O 9. O-O Nc6 10. Be3 Bg4 11. f3 Na5 12. Bd3 cxd4 13. cxd4 Be6 14. d5 Bxa1
15. Qxa1 f6 16. Bh6 Re8 17. Kh1 Rc8 18. Nf4 Bd7 19. e5 Nc4 20. e6 Bb5 21. Qe1
Nd6 22. Bb1 Bxf1 23. Nxg6 Qc7 24. Nf4 Kh8 25. Qh4 Bd3 26. Nxd3 Nf5 27. Qh5 Nxh6
28. Qxh6 Rg8 29. h3 Rg7 30. Qd2 Qc3 31. Qd1 Qd4 0-1

[Event "Quebec-ch"]
[Site "Montreal CAN"]
[Date "2006.09.11"]
[Round "4"]
[White "Barbeau, Sylvain"]
[Black "Ye, Ling Feng"]
[Result "1-0"]
[WhiteElo "2426"]
[BlackElo "2103"]
[PlyCount "67"]
[EventDate "2006.09.08"]
[EventType "tourn"]
[EventRounds "9"]
[EventCountry "CAN"]

1. Nf3 Nf6 2. c4 g6 3. Nc3 Bg7 4. e4 c5 5. d4 cxd4 6. Nxd4 d6 7. Be2 O-O 8. O-O
a6 9. Be3 Nbd7 10. Qd2 Nc5 11. f3 Ne6 12. Nc2 Bd7 13. Rfd1 Rb8 14. a4 Bc6 15.
a5 Ne8 16. b4 f5 17. b5 Bd7 18. Ra3 fxe4 19. Nxe4 Nf6 20. Nxf6+ Bxf6 21. Nb4
Nc7 22. Bb6 Qc8 23. Rc1 Ne6 24. Nd5 Rf7 25. Nxf6+ Rxf6 26. Re3 Qe8 27. Re1 Ng7
28. Bd3 Rf7 29. Bc7 Rc8 30. Bxd6 Bf5 31. Rxe7 Rxe7 32. Rxe7 Qf8 33. c5 Qf6 34.
Bxf5 1-0

[Event "Quebec-ch"]
[Site "Montreal CAN"]
[Date "2006.09.12"]
[Round "5"]
[White "Khassanov, Marat"]
[Black "Barbeau, Sylvain"]
[Result "1/2-1/2"]
[WhiteElo "2312"]
[BlackElo "2426"]
[PlyCount "106"]
[EventDate "2006.09.08"]
[EventType "tourn"]
[EventRounds "9"]
[EventCountry "CAN"]

1. e4 e5 2. Nf3 Nc6 3. d4 exd4 4. Nxd4 Nf6 5. Nxc6 bxc6 6. e5 Qe7 7. Qe2 Nd5 8.
c4 Nb6 9. f4 d6 10. Nc3 dxe5 11. fxe5 Be6 12. Qe4 O-O-O 13. Be2 Qb4 14. a3 Qb3
15. O-O Nxc4 16. Kh1 Kb7 17. Rd1 Be7 18. Bf4 g5 19. Bg3 Nd2 20. Qe3 Qb6 21. Bf2
Qxe3 22. Bxe3 Nb3 23. Rxd8 Rxd8 24. Rf1 h6 25. Kg1 Nd2 26. Rd1 Nc4 27. Rxd8
Bxd8 28. Bd4 c5 29. Bxc5 Nxe5 30. Bf8 Nc4 31. Bxh6 f5 32. Na4 Kc6 33. Bg7 g4
34. Bd4 Nb6 35. Nc5 Bc8 36. b4 Kd5 37. Nb3 Be6 38. Bd3 Nc4 39. a4 a6 40. Bc3
Be7 41. Nd4 Bxb4 42. Nxe6 Bxc3 43. Nxc7+ Kc6 44. Bxc4 Kxc7 45. Bxa6 Kd6 46. Kf2
Ke5 47. Bc8 Ba5 48. Ke2 Bc7 49. Kf2 Kf6 50. g3 Kg5 51. Kg2 f4 52. Bb7 fxg3 53.
hxg3 Kh5 1/2-1/2

[Event "Quebec-ch"]
[Site "Montreal CAN"]
[Date "2006.09.14"]
[Round "6"]
[White "Barbeau, Sylvain"]
[Black "Bolduc, Steve"]
[Result "0-1"]
[WhiteElo "2426"]
[BlackElo "2263"]
[PlyCount "132"]
[EventDate "2006.09.08"]
[EventType "tourn"]
[EventRounds "9"]
[EventCountry "CAN"]

1. e4 c5 2. Nf3 d6 3. d4 cxd4 4. Nxd4 Nf6 5. Nc3 a6 6. f4 e5 7. Nf3 Nbd7 8. a4
Be7 9. Bc4 h6 10. O-O O-O 11. Kh1 Qc7 12. Ba2 Nc5 13. Qe1 b5 14. axb5 Bb7 15.
b6 Qxb6 16. fxe5 dxe5 17. Nxe5 Ncxe4 18. Nxe4 Bxe4 19. Nxf7 Kh7 20. Rxf6 Bxg2+
21. Kxg2 Bxf6 22. Qe4+ g6 23. Qe6 Qb7+ 24. Bd5 Rae8 25. Bxb7 Rxe6 26. Bd5 Re2+
27. Kh3 Rxc2 28. Rxa6 Rxc1 29. Rxf6 Kg7 30. Rf3 Rc5 31. Be6 Re8 32. Bb3 Re2 33.
Nd6 h5 34. Nc4 g5 35. Rd3 Rb5 36. Bd1 g4+ 37. Kg3 h4+ 38. Kxh4 Rxh2+ 39. Kxg4
Rbxb2 40. Nxb2 Rxb2 41. Rd6 Kf7 42. Bf3 Ke7 43. Rd4 Kf6 44. Kf4 Rb5 45. Be4 Ra5
46. Rb4 Ra1 47. Rb6+ Kg7 48. Bf5 Ra7 49. Kg5 Rc7 50. Rh6 Kg8 51. Rh1 Ra7 52.
Bg6 Rc7 53. Kh6 Kh8 54. Re1 Rh7+ 55. Kg5 Ra7 56. Kf6 Ra6+ 57. Kf7 Ra7+ 58. Kf8
Ra8+ 59. Be8 Ra7 60. Re5 Rc7 61. Rh5+ Rh7 62. Rg5 Rg7 63. Re5 Ra7 64. Bc6 Rc7
65. Be4 Rf7+ 66. Ke8 Ra7 0-1

[Event "Quebec-ch"]
[Site "Montreal CAN"]
[Date "2006.09.15"]
[Round "7"]
[White "Masse, Hugues"]
[Black "Barbeau, Sylvain"]
[Result "1/2-1/2"]
[WhiteElo "2176"]
[BlackElo "2426"]
[PlyCount "87"]
[EventDate "2006.09.08"]
[EventType "tourn"]
[EventRounds "9"]
[EventCountry "CAN"]

1. d4 Nf6 2. c4 g6 3. Nc3 d5 4. Bf4 Bg7 5. e3 c5 6. dxc5 Qa5 7. cxd5 Nxd5 8.
Qxd5 Bxc3+ 9. bxc3 Qxc3+ 10. Ke2 Qxa1 11. Be5 Qb1 12. Bxh8 Be6 13. Qd3 Qxa2+
14. Kf3 f6 15. Bg7 Nc6 16. Kg3 Rd8 17. Qe4 Kf7 18. Bh6 Ne5 19. h3 Nd7 20. Nf3
Rc8 21. Qd4 Rxc5 22. e4 Qa5 23. Be3 Qc7+ 24. Bf4 Qc8 25. Kh2 g5 26. Bg3 b5 27.
e5 a5 28. Qe4 Qg8 29. exf6 exf6 30. Qb7 b4 31. Nd4 Qc8 32. Nxe6 Kxe6 33. Qe4+
Ne5 34. Qxh7 Qd7 35. Qg8+ Qf7 36. Qb8 Qc7 37. Qg8+ Qf7 38. Qb8 Qc7 39. Qe8+ Qe7
40. Qa4 Qd7 41. Qb3+ Qd5 42. Qa4 Qd7 43. Qb3+ Qd5 44. Qa4 1/2-1/2

[Event "Quebec-ch"]
[Site "Montreal CAN"]
[Date "2006.09.16"]
[Round "8"]
[White "Voskanyan, Vahagn"]
[Black "Barbeau, Sylvain"]
[Result "0-1"]
[WhiteElo "2332"]
[BlackElo "2426"]
[PlyCount "96"]
[EventDate "2006.09.08"]
[EventType "tourn"]
[EventRounds "9"]
[EventCountry "CAN"]

1. c4 Nf6 2. Nc3 d5 3. cxd5 Nxd5 4. g3 c5 5. Bg2 Nc7 6. d3 e5 7. Be3 Be7 8. Qb3
Nd7 9. Rc1 O-O 10. Nf3 Rb8 11. O-O b6 12. Nd2 a6 13. Nc4 Ne6 14. Nd5 Nd4 15.
Qd1 Bb7 16. f4 b5 17. Nd2 Bxd5 18. Bxd5 Nf6 19. Bf3 Nxf3+ 20. Nxf3 Nd5 21. Bd2
exf4 22. gxf4 Bd6 23. Ne1 Qf6 24. Ng2 Qxb2 25. e4 Ne7 26. Bc3 Qxa2 27. Ra1 Qe6
28. Rxa6 Ra8 29. Rxa8 Rxa8 30. f5 Qh6 31. e5 Bc7 32. f6 Ng6 33. Qf3 Rf8 34. Qd5
gxf6 35. Qxc5 Bxe5 36. Bxe5 Nxe5 37. Qxb5 Ng4 38. h4 Ne3 39. Rf3 Nxg2 40. Kxg2
Kh8 41. Qc4 Qd2+ 42. Kh3 Qd1 43. Qc6 Qh1+ 44. Kg4 Rg8+ 45. Kf5 Rg6 46. Qe4 Kg7
47. Qf4 h5 48. Rg3 Qd5+ 0-1

[Event "Quebec op"]
[Site "Montreal CAN"]
[Date "2006.07.07"]
[Round "1"]
[White "Barbeau, Sylvain"]
[Black "Arsenault, Nicolas"]
[Result "1/2-1/2"]
[WhiteElo "2442"]
[BlackElo "2110"]
[PlyCount "62"]
[EventDate "2006.07.08"]
[EventType "swiss"]
[EventRounds "9"]
[EventCountry "CAN"]

1. e4 e6 2. d4 d5 3. Nd2 c5 4. exd5 exd5 5. Bb5+ Bd7 6. Qe2+ Be7 7. dxc5 Nf6 8.
Nb3 O-O 9. Be3 Re8 10. O-O-O a6 11. Bxd7 Nbxd7 12. Nh3 Nxc5 13. Bxc5 Bxc5 14.
Qf3 Bd6 15. Rd3 Rc8 16. Rhd1 Qc7 17. Rc3 Qd7 18. Rxc8 Rxc8 19. Nd4 Qc7 20. g3
Qc4 21. Qb3 Bc5 22. Qxc4 dxc4 23. f3 g6 24. Nf4 h5 25. c3 Rd8 26. Nfe2 Re8 27.
Kd2 Nd5 28. Re1 Bxd4 29. Nxd4 Rxe1 30. Kxe1 Kf8 31. Kd2 Ke7 1/2-1/2

[Event "Quebec op"]
[Site "Montreal CAN"]
[Date "2006.07.08"]
[Round "2"]
[White "Le Duin, Thierry"]
[Black "Barbeau, Sylvain"]
[Result "0-1"]
[WhiteElo "2061"]
[BlackElo "2442"]
[PlyCount "74"]
[EventDate "2006.07.08"]
[EventType "swiss"]
[EventRounds "9"]
[EventCountry "CAN"]

1. d4 Nf6 2. Nf3 g6 3. Bg5 Bg7 4. e3 b6 5. Nbd2 Bb7 6. Bc4 c5 7. c3 O-O 8. O-O
d6 9. Re1 Nc6 10. a3 Rc8 11. Rc1 Rc7 12. Qe2 Qc8 13. Qf1 h6 14. Bh4 g5 15. Bg3
Nh5 16. Qe2 Nxg3 17. hxg3 e6 18. Qf1 a6 19. Ba2 Rd8 20. Bb1 Ne7 21. Be4 b5 22.
Bxb7 Qxb7 23. Qd3 cxd4 24. exd4 Qd5 25. Qe4 Qxe4 26. Nxe4 Nd5 27. Rcd1 Rc6 28.
Ned2 a5 29. Kf1 Nb6 30. Nb3 Ra8 31. g4 b4 32. axb4 axb4 33. cxb4 Nd5 34. Na5
Rc2 35. Nb7 Bf8 36. Ra1 Rb8 37. Ra7 Rc7 0-1

[Event "Quebec op"]
[Site "Montreal CAN"]
[Date "2006.07.09"]
[Round "3"]
[White "Barbeau, Sylvain"]
[Black "Chabot, Roland"]
[Result "1/2-1/2"]
[WhiteElo "2442"]
[BlackElo "2287"]
[PlyCount "110"]
[EventDate "2006.07.08"]
[EventType "swiss"]
[EventRounds "9"]
[EventCountry "CAN"]

1. e4 c5 2. d3 Nc6 3. g3 d5 4. Nd2 Nf6 5. Bg2 e5 6. Ngf3 Be7 7. O-O O-O 8. c3
Rb8 9. exd5 Nxd5 10. Re1 f6 11. a4 b6 12. Nc4 Qd7 13. Qc2 Rd8 14. Bd2 Ba6 15.
Rad1 Bf8 16. Bc1 Rbc8 17. h4 Rc7 18. Kh2 Bc8 19. Nfd2 Qf7 20. Ne4 h6 21. Qe2
Bf5 22. Qf3 Qg6 23. h5 Qg4 24. Ned6 Qxf3 25. Bxf3 Be6 26. Ne4 Rcd7 27. Be2 Bf5
28. Kg2 Be7 29. Ncd2 Na5 30. Nf3 Nc7 31. Nfd2 Be6 32. Rh1 Nb3 33. g4 Nxc1 34.
Rxc1 Nd5 35. Kf1 Nf4 36. f3 Nxe2 37. Kxe2 Rxd3 38. Rhd1 Kf7 39. Nf2 R3d7 40. c4
g6 41. hxg6+ Kxg6 42. b3 Rd4 43. Nde4 Rxd1 44. Nxd1 h5 45. gxh5+ Kxh5 46. Ne3
Kg6 47. Rh1 Bf8 48. Rh8 Kg7 49. Rh1 Kg6 50. Rh8 Be7 51. Rh1 f5 52. Nc3 Bg5 53.
Ned5 Rd7 54. Rg1 Rg7 55. Nb5 Bxd5 1/2-1/2

[Event "Quebec op"]
[Site "Montreal CAN"]
[Date "2006.07.10"]
[Round "4"]
[White "Libersan, Thierry"]
[Black "Barbeau, Sylvain"]
[Result "0-1"]
[WhiteElo "2121"]
[BlackElo "2442"]
[PlyCount "76"]
[EventDate "2006.07.08"]
[EventType "swiss"]
[EventRounds "9"]
[EventCountry "CAN"]

1. d4 Nf6 2. c4 g6 3. Nf3 Bg7 4. Nc3 d5 5. Bf4 O-O 6. Rc1 dxc4 7. e3 c5 8. dxc5
Qa5 9. Bxc4 Qxc5 10. Bb3 Qa5 11. O-O Na6 12. h3 Nc5 13. Nd5 Nxd5 14. Qxd5 Nxb3
15. Qxb3 e5 16. Bg3 Rb8 17. Qc3 Qxc3 18. Rxc3 f6 19. Rc7 Be6 20. b3 Rfd8 21.
Rfc1 Bf8 22. e4 Bd6 23. R7c3 Rd7 24. Rd3 Rbd8 25. Rcd1 Bb4 26. Rxd7 Rxd7 27.
Rxd7 Bxd7 28. Nh2 Bb5 29. Ng4 Kf7 30. Ne3 Bd3 31. f3 Bb1 32. a4 Ba2 33. Nd5
Bc5+ 34. Bf2 Bxf2+ 35. Kxf2 Bxb3 36. Nc3 a5 37. Ke3 Ke6 38. Kd3 Kd6 0-1

[Event "Quebec op"]
[Site "Montreal CAN"]
[Date "2006.07.11"]
[Round "5"]
[White "Barbeau, Sylvain"]
[Black "Kleinplatz, Sam"]
[Result "1-0"]
[WhiteElo "2442"]
[BlackElo "2263"]
[PlyCount "123"]
[EventDate "2006.07.08"]
[EventType "swiss"]
[EventRounds "9"]
[EventCountry "CAN"]

1. e4 d5 2. exd5 Nf6 3. d4 Nxd5 4. c4 Nb6 5. Nc3 g6 6. Be3 Bg7 7. h3 O-O 8. Nf3
Nc6 9. Qd2 e5 10. d5 Ne7 11. Be2 Nf5 12. Bc5 Re8 13. O-O e4 14. Nh2 Bh6 15. Qd1
Nd7 16. Ba3 e3 17. f4 Bg7 18. Qd3 Nf6 19. Rf3 Nd6 20. Re1 Bf5 21. Qd1 Nfe4 22.
g4 Nf2 23. Qc1 Bd3 24. b3 Qh4 25. Kg2 Bxe2 26. Rxe2 Nd3 27. Qd1 Nxf4+ 28. Rxf4
Bxc3 29. Qd3 Be5 30. Nf3 Qh6 31. g5 Qg7 32. Bxd6 cxd6 33. Re4 Ba1 34. Qxe3 Rxe4
35. Qxe4 h6 36. h4 hxg5 37. hxg5 Qc3 38. Qe3 Qxe3 39. Rxe3 Kf8 40. Nd2 Bb2 41.
Ne4 Re8 42. Kf3 Ba3 43. b4 Bc1 44. Rc3 Bb2 45. Rc2 Ba3 46. Nxd6 Re7 47. Ne4
Bxb4 48. c5 Ke8 49. d6 Re6 50. Rb2 a5 51. a3 Bxc5 52. Nxc5 Rxd6 53. Rxb7 Rd5
54. Ne4 Rd3+ 55. Kf4 Kf8 56. Ra7 Rxa3 57. Nd6 Ra1 58. Rxf7+ Kg8 59. Ra7 a4 60.
Ke5 a3 61. Kf6 Rd1 62. Ne4 1-0

[Event "Quebec op"]
[Site "Montreal CAN"]
[Date "2006.07.12"]
[Round "6"]
[White "Moiseenko, Alexander"]
[Black "Barbeau, Sylvain"]
[Result "1/2-1/2"]
[WhiteElo "2662"]
[BlackElo "2442"]
[PlyCount "59"]
[EventDate "2006.07.08"]
[EventType "swiss"]
[EventRounds "9"]
[EventCountry "CAN"]

1. d4 Nf6 2. c4 g6 3. f3 e5 4. dxe5 Nh5 5. Nh3 Nc6 6. Bg5 Be7 7. Bxe7 Qxe7 8.
Nc3 O-O 9. e4 Qxe5 10. Qd2 d6 11. g4 Ng7 12. O-O-O Be6 13. f4 Qc5 14. f5 Bxc4
15. Bxc4 Qxc4 16. Qh6 f6 17. fxg6 hxg6 18. Nf4 Ne5 19. Nxg6 Nxg6 20. Qxg6 Rae8
21. h4 b5 22. h5 b4 23. h6 Re7 24. hxg7 Rxg7 25. Qf5 bxc3 26. Rd5 Re7 27. Qg6+
Rg7 28. Qf5 Re7 29. Qg6+ Rg7 30. Qf5 1/2-1/2

[Event "Quebec op"]
[Site "Montreal CAN"]
[Date "2006.07.13"]
[Round "7"]
[White "Barbeau, Sylvain"]
[Black "Swathi, Ghate"]
[Result "1-0"]
[WhiteElo "2442"]
[BlackElo "2376"]
[PlyCount "43"]
[EventDate "2006.07.08"]
[EventType "swiss"]
[EventRounds "9"]
[EventCountry "CAN"]

1. e4 e5 2. Nf3 Nc6 3. Bc4 Nf6 4. Ng5 d5 5. exd5 Na5 6. Bb5+ c6 7. dxc6 bxc6 8.
Be2 h6 9. Nh3 Bd6 10. d3 O-O 11. O-O Qc7 12. Nc3 e4 13. Nxe4 Nxe4 14. dxe4
Bxh2+ 15. Kh1 Bxh3 16. gxh3 Bf4 17. Rg1 f5 18. exf5 Rxf5 19. Bd3 Rf6 20. Qe2
Raf8 21. Qe4 Kf7 22. Rxg7+ 1-0